| 000 | 00494nam a2200181Ia 4500 | ||
|---|---|---|---|
| 999 |
_c37456 _d37456 |
||
| 003 | OSt | ||
| 005 | 20200930093604.0 | ||
| 008 | 190216s9999||||xx |||||||||||||| ||und|| | ||
| 020 | _a8171336957 | ||
| 040 | _coclc | ||
| 082 |
_a596 _bLAL/T |
||
| 100 |
_aLal, S S _95169 |
||
| 245 | 0 |
_aA Textbook Of Practical Zoology / _cS S Lal |
|
| 260 |
_bRasthogi Publications, _aMeerut: _c2004. |
||
| 300 | _a250p | ||
| 650 | _aZoology | ||
| 942 |
_cBK _2ddc _h596 _iLAL/T _k596 _mLAL/T |
||